00254nam a2200121Ia 4500100001800000490000600018654001400024245002600038260003700064082001100101300000800112546001200120 aPunmia/ B.C.  v1 aMaterials aStrength of materials bStandard PublicationaDelhic81 a621.11 a720 aENGLISH